|
|
|
|
| LEADER |
00882nam a22002537a 4500 |
| 001 |
31546 |
| 003 |
BD-DhAAL |
| 005 |
20170122165015.0 |
| 008 |
170122s2016 bg ||||| |||| 00| 0 eng d |
| 020 |
|
|
|a 9789843412980
|
| 040 |
|
|
|a BD-DhAAL
|c BD-DhAAL
|
| 082 |
|
|
|2 23
|a 302.23
|
| 245 |
|
|
|a News literacy :
|b people's perception /
|
| 260 |
|
|
|a Dhaka :
|b Management and Resources Development Initiative,
|c 2016
|
| 300 |
|
|
|a 69 pages :
|b illustrations ;
|c 27 cm.
|
| 526 |
|
|
|a AAL
|
| 541 |
|
|
|e 31546
|
| 650 |
|
|
|a Media literacy
|9 20927
|
| 710 |
|
|
|a Management and Resources Development Initiative
|9 20928
|
| 710 |
|
|
|a Unicef
|9 20929
|
| 852 |
|
|
|a Ayesha Abed Library
|c General stacks
|
| 942 |
|
|
|2 ddc
|c BK
|
| 999 |
|
|
|c 37935
|d 37935
|
| 952 |
|
|
|0 0
|1 0
|2 ddc
|4 0
|6 302_230000000000000_NEW
|7 0
|9 59950
|a BRACUL
|b BRACUL
|c GEN
|d 2017-01-22
|e Complimentary
|l 0
|o 302.23 NEW
|p 3010031546
|r 2017-01-22
|t 1
|w 2017-01-22
|y BK
|